Pokemon avec la tête cachée par Jeppy en images - Statistiques

Statistiques générales
  • Ce quiz a été pris 41 fois
  • Le résultat moyen est 12 sur 15
Statistiques - réponses
Par images Réponse % Correct
Magicarpe
100%
Reptincel
98%
Giratina
95%
Tentacruel
95%
Voltali
95%
Victini
90%
Rhinoféros
85%
Zoroark
85%
Zygarde
83%
Cresselia
78%
Flobio
75%
Joliflor
73%
Makuhita
73%
Manglouton
65%
Hachécateur
58%
Aucun quiz correspondant
Distribution des résultats
% des personnes avec chaque résultat
Percentile par nombre de réponses
Votre historique - résultats
Vous n’avez pas pris ce quiz